Agents find it's all in the timing (Record no. 65945)
[ view plain ]
| 000 -LEADER | |
|---|---|
| fixed length control field | 01056cam a2200229 4500 |
| 001 - CONTROL NUMBER | |
| control field | ABS63476 |
| 008 - FIXED-LENGTH DATA ELEMENTS--GENERAL INFORMATION | |
| fixed length control field | 000000n2001 000 0 eng u |
| 035 ## - SYSTEM CONTROL NUMBER | |
| System control number | (Sirsi) u110664 |
| 100 ## - MAIN ENTRY--PERSONAL NAME | |
| Personal name | Marcus, S. |
| 245 ## - TITLE STATEMENT | |
| Title | Agents find it's all in the timing |
| 260 ## - PUBLICATION, DISTRIBUTION, ETC. | |
| Date of publication, distribution, etc. | 2001 |
| 490 ## - SERIES STATEMENT | |
| Series statement | Estates Gazette |
| Volume/sequential designation | (0103) 20 January 2001, 124-125(2) |
| 520 ## - SUMMARY, ETC. | |
| Summary, etc. | Explains why, in the light of "Lady Manor Ltd v Fat Cat Café Bars" (West London County Court, Abs64439), an agent who offers unsolicited information subsequently used by the client may not receive a fee, and the implications for the property industry of "Egan Lawson Ltd v Standard Life Assurance Co" (CA, Abs63600), where it was ruled that there can only be one 'effective cause' of a transaction. |
| 590 ## - LOCAL NOTE (RLIN) | |
| Local note | ABS |
| 650 ## - SUBJECT ADDED ENTRY--TOPICAL TERM | |
| Topical term or geographic name entry element | ESTATE AGENTS' COMMISSION |
| 650 ## - SUBJECT ADDED ENTRY--TOPICAL TERM | |
| Topical term or geographic name entry element | EFFECTIVE CAUSE |
| 650 ## - SUBJECT ADDED ENTRY--TOPICAL TERM | |
| Topical term or geographic name entry element | EGAN LAWSON LTD V STANDARD LIFE ASSURANCE CO |
| 650 ## - SUBJECT ADDED ENTRY--TOPICAL TERM | |
| Topical term or geographic name entry element | INTRODUCTORY FEES |
| 650 ## - SUBJECT ADDED ENTRY--TOPICAL TERM | |
| Topical term or geographic name entry element | LADY MANOR LTD V FAT CAT CAFE BARS |
| 690 ## - LOCAL SUBJECT ADDED ENTRY--TOPICAL TERM (OCLC, RLIN) | |
| Topical term or geographic name as entry element | PROPERTY AND LAND LAW-AGENCY-CASE LAW |
| 942 ## - ADDED ENTRY ELEMENTS (KOHA) | |
| Suppress in OPAC | 0 |
| Withdrawn status | Lost status | Source of classification or shelving scheme | Damaged status | Not for loan | Home library | Current library | Shelving location | Date acquired | Total Checkouts | Full call number | Barcode | Date last seen | Copy number | Price effective from | Koha item type |
|---|---|---|---|---|---|---|---|---|---|---|---|---|---|---|---|
| Dewey Decimal Classification | London | London | Journal article | 31/01/2001 | ABS63476 | 110664-1001 | 06/08/2019 | 1 | 06/08/2019 | Journal article |